| 000 | 00491nam a2200193 4500 | ||
|---|---|---|---|
| 005 | 20150227151446.0 | ||
| 007 | 000 | ||
| 008 | 000 | ||
| 020 | _a0521427738 | ||
| 040 | _aUOEL | ||
| 050 |
_aQK603 _b.H83 1992 |
||
| 100 | _aHudson, Harry J. | ||
| 245 |
_aFungal biology / _cHarry J. Hudson |
||
| 260 |
_aCambridge ; _bCambridge University Press , _cc1986. |
||
| 300 |
_a298 p. : _bill. |
||
| 500 | _aIncludes bibliographical references and index | ||
| 650 |
_aFungi _xBotany |
||
| 942 |
_2lcc _cLL |
||
| 999 |
_c2470 _d2470 |
||